000 01264nam a22002417a 4500
005 2008062304524.0
008 080623t xxu||||| |||| 00| 0 hin d
010 _aHIN-83558
020 _a8189076116
_c100.00
035 _aHN-55904
037 _aपु.प्र.अ.प्र/प्रका.
040 _aDPL
_bHN
082 _a509.2 / त्रिपाठी
100 _aत्रिपाठी, जगदीश
245 _aमहान वैज्ञानिक गेलीलियो गेलिली /
_cजगदीश त्रिपाठी
246 _aMahan vaigyanik Gaililio
_bby Jagdish Tripathy
260 _aकानपुर
_bआराधना ब्रदर्स
_c2007
270 _a124/152-सी ब्लाक, गोविन्द नगर
_bकानपुर
_e208006
_k0512-2651490
300 _a80पृ
_c22सेमी(सजिल्द)
650 _aHindi Biographies-Scientist
942 _cHN
_2ddc
_h509.2
_m त्रिपाठी
999 _c13831
_d13831